| 000 | 00434cam a2200193ua 4500 | ||
|---|---|---|---|
| 001 | 8666 | ||
| 008 | 150212n ii |||gr||||Z||||||asm | ||
| 020 | _a1403924082 | ||
| 040 | _cMAIN | ||
| 041 | _aasm | ||
| 082 | _a158 | ||
| 100 |
_aKhera, S., _eAuthor. |
||
| 245 | 1 |
_aHafalya apunar _cBy Shiv Khera |
|
| 250 | _a1st. | ||
| 260 |
_aNew Delhi: _bMacmillan, _c2005. |
||
| 300 | _a298p. | ||
| 653 | _aApplied psychology | ||
| 942 | _cBK | ||
| 999 |
_c7764 _d7764 |
||